|
|
|
|
| LEADER |
01163nam a2200313 a 4500 |
| 001 |
17559 |
| 003 |
BD-DhAAL |
| 005 |
20140507113303.0 |
| 008 |
140507r19881987maua b 001 0 eng d |
| 010 |
|
|
|a 86043002
|
| 020 |
|
|
|a 0062502875 (hardcover)
|c 0062502891 (paperback)
|
| 040 |
|
|
|a DLC
|c DLC
|d DLC
|d BD-DhAAL
|
| 050 |
0 |
0 |
|a HQ1075
|b .E57 1987
|
| 082 |
0 |
0 |
|a 305.3/09
|2 19
|
| 100 |
1 |
|
|a Eisler, Riane Tennenhaus.
|9 4409
|
| 245 |
1 |
4 |
|a The chalice and the blade :
|b our history, our future /
|c Riane Eisler.
|
| 250 |
|
|
|a 1st ed.
|
| 260 |
|
|
|a Cambridge [Mass.] :
|b Harper & Row,
|c 1987 [paperback ed. 1988]
|
| 300 |
|
|
|a xxiii, 261 p. :
|b ill. ;
|c 25 cm.
|
| 500 |
|
|
|a Includes index.
|
| 504 |
|
|
|a Bibliography: p. [205]-239.
|
| 541 |
|
|
|e 17559
|
| 650 |
|
0 |
|a Sex role
|x History.
|9 4410
|
| 650 |
|
0 |
|a Social evolution
|x History.
|9 4411
|
| 650 |
|
0 |
|a Patriarchy
|x History.
|9 4412
|
| 650 |
|
0 |
|a Social history.
|9 4413
|
| 942 |
|
|
|2 ddc
|c BK
|
| 999 |
|
|
|c 14323
|d 14323
|
| 952 |
|
|
|0 0
|1 0
|2 ddc
|4 0
|6 305_309000000000000_EIS
|7 0
|9 24288
|a BRACUL
|b BRACUL
|c GEN
|d 2014-05-07
|l 0
|o 305.309 EIS
|p 3010017559
|r 2014-05-07
|t 1
|w 2014-05-07
|y BK
|x Transferred from ENH to Ayesha Abed library on 20/12/2023
|